000 00822cab a2200253 4500
001 ABS53887
008 090401t1995 xxu||||| |||| 00| 0 eng d
035 _a(Sirsi) u7168
041 _aeng
100 _aLeitch, J.
245 _aLatham`s tall order not as tall as it seems
260 _c1995
350 _a0
490 _aContract Journal
_v380(6049) 2 November 1995, 23(1)
520 _aConsiders how the construction industry is to meet the 30% cost-cutting target outlined in the Latham Report, including labour costs, ADR, efficiency, training and performance.
650 _aBUILT ENVIRONMENT-BUILDING COSTS
650 _aCOST CUTTING
650 _aEFFICIENCY
650 _aLABOUR COSTS
650 _aLATHAM REFORMS
690 _aBUILT ENVIRONMENT-BUILDING COSTS
942 _n0
948 _c04/03/1997
999 _c4291
_d4291